000 00691nam a22002177a 4500
003 UA-OsUOA
001 79455
007 ta
008 20111109b un ||||| |||| 00| 0 ukr d
100 _aБуднікевич І.М.
090 _a330
_bБ90
942 _cSA
040 _aUA-OsUOA
_bukr
_cUA-OsUOA
_dUA-OsUOA
245 _aРоль концепції партнерського маркетингу в забезпеченні сталого розвитку міста
300 _aС.44-54
955 _a0
041 _aukr
080 _a330
773 0 _w79451
_tРегіональна економіка
_dЛьвів
_d2011
_g3
650 7 _a330 Економіка взагалі
_2UDC
999 _c365784
_d365784